<?xml version="1.0" encoding="UTF-8"?>
<record
    xmlns:xsi="http://www.w3.org/2001/XMLSchema-instance"
    xsi:schemaLocation="http://www.loc.gov/MARC21/slim http://www.loc.gov/standards/marcxml/schema/MARC21slim.xsd"
    xmlns="http://www.loc.gov/MARC21/slim">

  <leader>00960nam#a22003015a#4500</leader>
  <controlfield tag="001">720</controlfield>
  <controlfield tag="008">080708s2007####ag#a###g######000#jdspa#d</controlfield>
  <datafield tag="245" ind1="1" ind2="0">
    <subfield code="a">Cuentos de humor y terror /</subfield>
    <subfield code="c">Ministerio de Educaci&#xF3;n, Ciencia y Tecnolog&#xED;a de la Naci&#xF3;n.</subfield>
  </datafield>
  <datafield tag="250" ind1=" " ind2=" ">
    <subfield code="a">1&#xAA; ed.</subfield>
  </datafield>
  <datafield tag="260" ind1=" " ind2=" ">
    <subfield code="a">Buenos Aires :</subfield>
    <subfield code="b">Ministerio de Educaci&#xF3;n, Ciencia y Tecnolog&#xED;a de la Naci&#xF3;n,</subfield>
    <subfield code="c">[2007?]</subfield>
  </datafield>
  <datafield tag="300" ind1=" " ind2=" ">
    <subfield code="a">35 p. :</subfield>
    <subfield code="b">il. ;</subfield>
    <subfield code="c">31 cm.</subfield>
  </datafield>
  <datafield tag="490" ind1="0" ind2=" ">
    <subfield code="a">Libros ilustrados</subfield>
  </datafield>
  <datafield tag="110" ind1="2" ind2=" ">
    <subfield code="a">Ministerio de Educaci&#xF3;n, Ciencia y Tecnolog&#xED;a de la Naci&#xF3;n.</subfield>
  </datafield>
  <datafield tag="080" ind1=" " ind2=" ">
    <subfield code="a">82.311</subfield>
  </datafield>
  <datafield tag="084" ind1=" " ind2=" ">
    <subfield code="a">C93</subfield>
  </datafield>
  <datafield tag="653" ind1=" " ind2=" ">
    <subfield code="a">La historia del inv&#xE1;lido</subfield>
  </datafield>
  <datafield tag="653" ind1=" " ind2=" ">
    <subfield code="a">El lazarillo de Tormes</subfield>
  </datafield>
  <datafield tag="653" ind1=" " ind2=" ">
    <subfield code="a">El licencia vidriera</subfield>
  </datafield>
  <datafield tag="653" ind1=" " ind2=" ">
    <subfield code="a">Historia de varias veces muerto</subfield>
  </datafield>
  <datafield tag="653" ind1=" " ind2=" ">
    <subfield code="a">Cinco nuevos agregados al c&#xF3;digo penal</subfield>
  </datafield>
  <datafield tag="653" ind1=" " ind2=" ">
    <subfield code="a">As&#xED;</subfield>
  </datafield>
  <datafield tag="653" ind1=" " ind2=" ">
    <subfield code="a">Ignacio Pirovano</subfield>
  </datafield>
  <datafield tag="653" ind1=" " ind2=" ">
    <subfield code="a">Antropofagia</subfield>
  </datafield>
  <datafield tag="040" ind1=" " ind2=" ">
    <subfield code="a">AR-ClEAG</subfield>
    <subfield code="c">AR-ClEAG</subfield>
  </datafield>
  <controlfield tag="005">20241107184644.0</controlfield>
  <controlfield tag="003">AR-ClEAG</controlfield>
  <datafield tag="942" ind1=" " ind2=" ">
    <subfield code="c">BK</subfield>
  </datafield>
  <datafield tag="999" ind1=" " ind2=" ">
    <subfield code="c">720</subfield>
    <subfield code="d">720</subfield>
  </datafield>
  <datafield tag="980" ind1=" " ind2=" ">
    <subfield code="6">2</subfield>
    <subfield code="a">Evangelina Gallicchio</subfield>
    <subfield code="8">2</subfield>
    <subfield code="g">Evangelina Gallicchio</subfield>
  </datafield>
  <datafield tag="952" ind1=" " ind2=" ">
    <subfield code="0">0</subfield>
    <subfield code="1">0</subfield>
    <subfield code="2">udc</subfield>
    <subfield code="4">0</subfield>
    <subfield code="7">0</subfield>
    <subfield code="a">EAC</subfield>
    <subfield code="b">EAC</subfield>
    <subfield code="c">Ministerio de Educaci&#xF3;n Ciencia y Tecnolog&#xED;a</subfield>
    <subfield code="d">2024-11-07</subfield>
    <subfield code="i">2507</subfield>
    <subfield code="l">0</subfield>
    <subfield code="o">R20 82.311 C93 1 Ej.1</subfield>
    <subfield code="p">2507</subfield>
    <subfield code="r">2024-11-07 18:46:44</subfield>
    <subfield code="w">2024-11-07</subfield>
    <subfield code="y">BK</subfield>
  </datafield>
  <datafield tag="952" ind1=" " ind2=" ">
    <subfield code="0">0</subfield>
    <subfield code="1">0</subfield>
    <subfield code="2">udc</subfield>
    <subfield code="4">0</subfield>
    <subfield code="7">0</subfield>
    <subfield code="a">EAC</subfield>
    <subfield code="b">EAC</subfield>
    <subfield code="d">2024-11-07</subfield>
    <subfield code="i">2558</subfield>
    <subfield code="l">0</subfield>
    <subfield code="o">R20 82.311 C93 2 Ej.2</subfield>
    <subfield code="p">2558</subfield>
    <subfield code="r">2024-11-07 18:46:44</subfield>
    <subfield code="w">2024-11-07</subfield>
    <subfield code="y">BK</subfield>
  </datafield>
</record>
